000 00466nam a2200181 i 4500
001 bgj
100 1 _aJÜNGER, Friedrich Georg.
245 1 0 _aZwei Schwestern :
_bRoman /
_cFriedrich Georg Jünger.
260 _aMünchen :
_bCarl Hanser Verlag,
_c1956.
300 _a262 s. ;
_c20 cm.
650 9 _aPowieść niemiecka
040 _cBPK
041 0 _ager
044 _aDEU
080 _a821.112.2-3
942 _cKS
008 s gw f |000 0 ger
999 _c50581
_d50581
856 _uhttp://koha.tu.koszalin.pl/cgi-bin/koha/opac-detail.pl?biblionumber=50581
_yKatalog online BPK